Scared To Be Lonely Lyrics - Statistics

General Stats
  • This quiz has been taken 118 times
  • The average score is 241 of 300
Answer Stats
Answer % Correct
be
100%
to
100%
I
99%
we
99%
lonely?
97%
lonely.
97%
lonely,
97%
scared
97%
Scared
97%
It
94%
it
94%
we're
94%
on
93%
on?
93%
the
93%
Do
91%
Is
88%
me
88%
me,
88%
just
87%
And
84%
and
84%
Are
84%
for
84%
tonight
84%
'cause
83%
'Cause
83%
Cause'
83%
holding
81%
Holding
81%
our
81%
you're
81%
feel
80%
need
80%
only
80%
very
80%
was
80%
doors
78%
each
78%
other
78%
reason
78%
somebody
78%
both
77%
Hands
77%
keep
77%
like
77%
slamming
77%
alright?
75%
at
75%
losing
75%
minds?
75%
start
75%
why
75%
Why
75%
coming
74%
great
74%
what
74%
all
72%
All
72%
back
72%
more
72%
fights
71%
Now
71%
bodies?
70%
apart
68%
wonder
68%
Wonder
68%
Couldn't
67%
far
67%
picking
65%
stand
64%
Too
62%
It's
61%
it's
61%
of
61%
time
59%
better
58%
us
58%
when
58%
how
57%
know
57%
flaws
54%
track
52%
Closer
51%
Magnifying
51%
much
51%
wrong
51%
can
49%
real?
49%
up
49%
Even
48%
Where
46%
messed
43%
Tell
42%
feels
39%
touch
39%
along
38%
Forgot
38%
out
36%
Undefined,
32%
Been
30%
spiraling
25%
No matching quizzes found
Score Distribution
Percent of People with Each Score
Percentile by Number Answered
Your Score History
You have not taken this quiz